Introduction to Mathematical Statistics (Record no. 26695)

MARC details
000 -LEADER
fixed length control field 00611nam a22002057a 4500
003 - CONTROL NUMBER IDENTIFIER
control field OSt
005 - DATE AND TIME OF LATEST TRANSACTION
control field 20230929164044.0
008 - FIXED-LENGTH DATA ELEMENTS--GENERAL INFORMATION
fixed length control field 230929b |||||||| |||| 00| 0 eng d
020 ## - INTERNATIONAL STANDARD BOOK NUMBER
ISBN 9789353946760
082 ## - DEWEY DECIMAL CLASSIFICATION NUMBER
Classification number 519.5
Item number H67I
100 ## - MAIN ENTRY--AUTHOR NAME
Personal name Hogg, Robert V.
245 ## - TITLE STATEMENT
Title Introduction to Mathematical Statistics
Statement of responsibility, etc by V. Robert Hogg, Joseph W. Mckean and Allen T. Craig
250 ## - EDITION STATEMENT
Edition statement 8th ed.
260 ## - PUBLICATION, DISTRIBUTION, ETC. (IMPRINT)
Place of publication Noida, UP
Name of publisher Pearson India Education Service
Year of publication 2020
300 ## - PHYSICAL DESCRIPTION
Number of Pages 760 p.
653 ## - INDEX TERM--UNCONTROLLED
Uncontrolled term Mathematical Statistics
700 ## - ADDED ENTRY--PERSONAL NAME
Relator term Author
Personal name Mckean, Joseph W
710 ## - ADDED ENTRY--CORPORATE NAME
Relator term Author
Corporate name or jurisdiction name as entry element Craig, Allen T
942 ## - ADDED ENTRY ELEMENTS (KOHA)
Source of classification or shelving scheme Dewey Decimal Classification
Koha item type Books
Holdings
Withdrawn status Lost status Damaged status Not for loan Collection code Home library Current library Date acquired Source of acquisition Cost, normal purchase price Total Checkouts Full call number Accession Number Koha item type
        General Text Book Central University Of Rajasthan Central University Of Rajasthan 29/09/2023 CSC 1155.00 1 519.5 H67I 42551 Books
        General Text Book Central University Of Rajasthan Central University Of Rajasthan 29/09/2023 CSC 1155.00   519.5 H67I 42550 Books
        General Text Book Central University Of Rajasthan Central University Of Rajasthan 29/09/2023 CSC 1155.00 2 519.5 H67I 42549 Books